|
|
|
|
| LEADER |
01482nam a2200385 a 4500 |
| 001 |
000717341 |
| 003 |
CZ BrMZK |
| 005 |
20101014104128.0 |
| 007 |
ta |
| 008 |
040521s2004 xr e f 000 0 cze |
| 015 |
|
|
|a cnb001312019
|
| 020 |
|
|
|a 80-86747-17-4
|q (soubor)
|
| 020 |
|
|
|a 80-86747-09-3
|q (brož.)
|
| 035 |
|
|
|a (OCoLC)85101599
|
| 040 |
|
|
|a BOA001
|b cze
|
| 043 |
|
|
|a e------
|
| 072 |
|
7 |
|a 351
|x Úkoly veřejné správy, správní opatření, legislativa
|2 Konspekt
|9 15
|
| 080 |
|
|
|a 351.824
|2 MRF
|
| 080 |
|
|
|a 692.4
|2 MRF
|
| 080 |
|
|
|a (4)
|2 MRF
|
| 080 |
|
|
|a (036)
|2 MRF
|
| 100 |
1 |
|
|a Peltrám, Antonín,
|d 1930-2020
|7 jo20000066155
|4 aut
|
| 245 |
1 |
0 |
|a Jak podnikat v EU? :
|b informace o podmínkách a provozování živností v Evropské unii /
|c [podle materiálů "Sdružení malých a středních podniků v EU a materiálů Rakouské hospodářské komory" zpracoval Antonín Peltrám].Pokrývač
|
| 246 |
3 |
0 |
|a Pokrývač
|
| 250 |
|
|
|a Vyd. 1.
|
| 260 |
|
|
|a Praha :
|b Vysoká škola mezinárodních a veřejných vztahů,
|c 2004
|
| 300 |
|
|
|a [12] s. ;
|c 21 cm
|
| 500 |
|
|
|a Název a podnázev z obálky
|
| 500 |
|
|
|a 100 výt.
|
| 650 |
0 |
7 |
|a podnikání
|7 ph115766
|z země Evropské unie
|2 czenas
|
| 650 |
0 |
7 |
|a pokrývačské práce
|7 ph162651
|2 czenas
|
| 655 |
|
7 |
|a informační publikace
|7 fd132454
|2 czenas
|
| 910 |
|
|
|a BOA001
|b 2-1136.029
|
| 990 |
|
|
|a BK
|
| 996 |
6 |
|
|b 2610220809
|c 2-1136.029
|l MZK
|r Sklad / do 1 hodiny
|n 0
|p p.v.
|w 000717341
|u 000010
|a 1
|e BOA001
|j MZK50
|s P
|